000 00431nam a2200169Ia 4500
008 131103s9999 xx 000 0 und d
040 _aLoreto College
041 _aEnglish
082 _aF/HAM
_bLCLIB/24034
100 _aHammett,Dashiell
245 _aRed Harvest
_cDashiell Hammett
260 _aLondon
_bPan Books Ltd.
_c1950
300 _a190 p.
_c 18 cm.
650 _aFiction in English
850 _aLCLIB
942 _cBK
999 _c14659
_d65138